Some great all-rounders / (Record no. 29832)

MARC details
000 -LEADER
fixed length control field 00878nam a22002297a 4500
005 - DATE AND TIME OF LATEST TRANSACTION
control field 20090831141352.0
008 - FIXED-LENGTH DATA ELEMENTS--GENERAL INFORMATION
fixed length control field 090831t xxu||||| |||| 00| 0 eng d
010 ## - LCCN (DPL NO)
LC control number ENG-95011
020 ## - INTERNATIONAL STANDARD BOOK NUMBER
Terms of availability 70.00
International Standard Book Number 9788123752952
035 ## - SYSTEM CONTROL NUMBER
System control number EN-78544
037 ## - SOURCE OF ACQUISITION
Source of stock number/acquisition DBAD / PUB
040 ## - CATALOGING SOURCE
Original cataloging agency dpl
Language of cataloging English
082 ## - DEWEY DECIMAL CLASSIFICATION NUMBER
Classification number 796.358092
100 ## - MAIN ENTRY--PERSONAL NAME
Personal name Chaturvedi, Surya Prakash
245 ## - TITLE STATEMENT
Title Some great all-rounders /
Statement of responsibility, etc by Surya Prakash Chaturvedi
260 ## - PUBLICATION, DISTRIBUTION, ETC. (IMPRINT)
Place of publication, distribution, etc New Delhi
Name of publisher, distributor, etc National Book Trust
Date of publication, distribution, etc 2008
270 ## - ADDRESS
Address 5, Institutional Area, Phase-II, Vasant Kunj,
City New Delhi
Postal code 110070
300 ## - PHYSICAL DESCRIPTION
Extent ix, 214p.
Dimensions 22cm(pbk)
650 ## - SUBJECT ADDED ENTRY--TOPICAL TERM
Topical term or geographic name as entry element Cricketers
General subdivision Biography
942 ## - ADDED ENTRY ELEMENTS (KOHA)
Source of classification or shelving scheme Dewey Decimal Classification
Item type English Books
Call number suffix CHA
Classification part 796.358092
Holdings
Withdrawn status Lost status Source of classification or shelving scheme Damaged status Not for loan Collection code Home library Current library Date acquired Source of acquisition Cost, normal purchase price Total Checkouts Full call number Barcode Date last seen Copy number Cost, replacement price Koha item type
    Dewey Decimal Classification   Not For Loan Non-fiction D.B.Act.Division D.B.Act.Division 31/08/2009 DBAD / PUB 70.00   796.358092 CHA EN-78544 31/08/2009 1 70.00 English Books

© Delhi Public Library
Hit Counter
free hit counter